000 00393nam a22001697a 4500
003 MACL
005 20160116132228.0
008 160116b xxu||||| |||| 00| 0 eng d
040 _cMACL
041 _aEnglish
082 _a070/JOS
100 _aJosephine J.
_932832
245 _aChildren New Media
260 _aNew Delhi
_bAuthorspress
_c2009
650 _aMedia
_932833
942 _2ddc
_cBK
999 _c52599
_d52599